| 000 | 00403nam a22001577a 4500 | ||
|---|---|---|---|
| 020 | _a97881920935-1-2 | ||
| 082 |
_a658.3 _bSIN |
||
| 100 | _aSINGH, D.K | ||
| 245 | _aENVIRONMENTAL AND FACILITIES PLANNINGIN HOTEL INDUSTRY | ||
| 250 | _a1ST | ||
| 260 |
_aDELHI _bNAMAN PUBLISHER _c2011 |
||
| 300 | _a296 | ||
| 650 | _aHOTEL INDUSTRY MANAGEMENT | ||
| 653 | _aPLANNING, INDUSTRY, HOTEL | ||
| 942 |
_2ddc _cBK |
||
| 999 |
_c8022 _d8022 |
||